Principles and practice of cost accounting (Record no. 81931)
[ view plain ]
| 000 -LEADER | |
|---|---|
| fixed length control field | 00761nam a2200313Ia 4500 |
| 003 - CONTROL NUMBER IDENTIFIER | |
| control field | OSt |
| 005 - DATE AND TIME OF LATEST TRANSACTION | |
| control field | 20231213162556.0 |
| 008 - FIXED-LENGTH DATA ELEMENTS--GENERAL INFORMATION | |
| fixed length control field | 210210b1974 xxu||||| |||| 00| 0 eng d |
| 040 ## - CATALOGING SOURCE | |
| Transcribing agency | AL |
| 041 ## - LANGUAGE CODE | |
| Language code of text/sound track or separate title | English |
| 082 ## - DEWEY DECIMAL CLASSIFICATION NUMBER | |
| Classification number | 657.42 GUPP |
| 100 ## - MAIN ENTRY--PERSONAL NAME | |
| Personal name | GUPTA (R K) |
| 9 (RLIN) | 146041 |
| 245 ## - TITLE STATEMENT | |
| Title | Principles and practice of cost accounting |
| 250 ## - EDITION STATEMENT | |
| Edition statement | 3 |
| 260 ## - PUBLICATION, DISTRIBUTION, ETC. | |
| Place of publication, distribution, etc. | Delhi. |
| Name of publisher, distributor, etc. | Agra Book store |
| Date of publication, distribution, etc. | 1974 |
| 300 ## - PHYSICAL DESCRIPTION | |
| Extent | 683 |
| 650 ## - SUBJECT ADDED ENTRY--TOPICAL TERM | |
| Topical term or geographic name entry element | Principles |
| 9 (RLIN) | 146042 |
| 650 ## - SUBJECT ADDED ENTRY--TOPICAL TERM | |
| Topical term or geographic name entry element | practice |
| 9 (RLIN) | 146043 |
| 650 ## - SUBJECT ADDED ENTRY--TOPICAL TERM | |
| Topical term or geographic name entry element | of |
| 9 (RLIN) | 146044 |
| 650 ## - SUBJECT ADDED ENTRY--TOPICAL TERM | |
| Topical term or geographic name entry element | Ed |
| 9 (RLIN) | 146045 |
| 650 ## - SUBJECT ADDED ENTRY--TOPICAL TERM | |
| Topical term or geographic name entry element | cost |
| 9 (RLIN) | 146046 |
| 650 ## - SUBJECT ADDED ENTRY--TOPICAL TERM | |
| Topical term or geographic name entry element | and |
| 9 (RLIN) | 146047 |
| 650 ## - SUBJECT ADDED ENTRY--TOPICAL TERM | |
| Topical term or geographic name entry element | accounting |
| 9 (RLIN) | 146048 |
| 650 ## - SUBJECT ADDED ENTRY--TOPICAL TERM | |
| Topical term or geographic name entry element | 3 |
| 9 (RLIN) | 146049 |
| 690 ## - LOCAL SUBJECT ADDED ENTRY--TOPICAL TERM (OCLC, RLIN) | |
| Topical term or geographic name as entry element | Cost Accounting |
| 9 (RLIN) | 146050 |
| 700 ## - ADDED ENTRY--PERSONAL NAME | |
| Personal name | KHURJA |
| 9 (RLIN) | 146051 |
| 906 ## - LOCAL DATA ELEMENT F, LDF (RLIN) | |
| a | 030869 |
| 942 ## - ADDED ENTRY ELEMENTS (KOHA) | |
| Source of classification or shelving scheme | Dewey Decimal Classification |
| Koha item type | Book |
| Withdrawn status | Lost status | Source of classification or shelving scheme | Damaged status | Not for loan | Collection code | Home library | Current library | Date acquired | Cost, normal purchase price | Total Checkouts | Full call number | Barcode | Date last seen | Price effective from | Koha item type |
|---|---|---|---|---|---|---|---|---|---|---|---|---|---|---|---|
| Dewey Decimal Classification | Commerce | St Aloysius Library | St Aloysius Library | 02/17/2021 | 22.00 | 657.42 GUPP | 030869 | 02/17/2021 | 02/17/2021 | Book | |||||
| Dewey Decimal Classification | Commerce | St Aloysius Library | St Aloysius Library | 02/17/2021 | 22.00 | 657.42 GUPP | 030901 | 02/17/2021 | 02/17/2021 | Book | |||||
| Dewey Decimal Classification | Commerce | St Aloysius Library | St Aloysius Library | 02/17/2021 | 22.00 | 657.42 GUPP | 030902 | 02/17/2021 | 02/17/2021 | Book | |||||
| Dewey Decimal Classification | Commerce | St Aloysius Library | St Aloysius Library | 02/17/2021 | 22.00 | 657.42 GUPP | 030904 | 02/17/2021 | 02/17/2021 | Book | |||||
| Dewey Decimal Classification | Commerce | St Aloysius Library | St Aloysius Library | 02/17/2021 | 22.00 | 657.42 GUPP | 030908 | 02/17/2021 | 02/17/2021 | Book | |||||
| Dewey Decimal Classification | Commerce | St Aloysius Library | St Aloysius Library | 02/17/2021 | 22.00 | 657.42 GUPP | 030870 | 02/17/2021 | 02/17/2021 | Book | |||||
| Dewey Decimal Classification | Commerce | St Aloysius Library | St Aloysius Library | 02/17/2021 | 22.00 | 657.42 GUPP | 030903 | 02/17/2021 | 02/17/2021 | Book | |||||
| Dewey Decimal Classification | Commerce | St Aloysius Library | St Aloysius Library | 02/17/2021 | 22.00 | 657.42 GUPP | 030905 | 02/17/2021 | 02/17/2021 | Book | |||||
| Dewey Decimal Classification | Commerce | St Aloysius Library | St Aloysius Library | 02/17/2021 | 22.00 | 657.42 GUPP | 030907 | 02/17/2021 | 02/17/2021 | Book | |||||
| Dewey Decimal Classification | Commerce | St Aloysius Library | St Aloysius Library | 02/17/2021 | 22.00 | 657.42 GUPP | 030909 | 02/17/2021 | 02/17/2021 | Book | |||||
| Dewey Decimal Classification | Commerce | St Aloysius Library | St Aloysius Library | 02/17/2021 | 22.00 | 657.42 GUPP | 030910 | 02/17/2021 | 02/17/2021 | Book | |||||
| Discarded | Dewey Decimal Classification | Management | St Aloysius Library | St Aloysius Library | 02/17/2021 | 22.00 | 657.42 GUPP | 030906 | 11/09/2023 | 02/17/2021 | Book |